| 000 | 00909nas a2200265 4500 | ||
|---|---|---|---|
| 001 | BR7704226 | ||
| 003 | BR-BrBNA | ||
| 005 | 20231205083221.0 | ||
| 007 | ta | ||
| 008 | 230509b bl.|||p| |||| 00| 00por d | ||
| 040 |
_aBR-BrBNA _bpor _cBiblioteca Nacional de Agricultura |
||
| 041 | _a(Pt) | ||
| 072 | _aN20 | ||
| 100 | 1 | _aFurlani Junior, J.A. | |
| 100 | 1 | _aGuimaraes Junior, J.B. | |
| 100 | 1 | _aBalastreire, L.A. | |
| 111 | 1 |
_a5. Congresso Nacional de Engenharia Agricola _cLavras, MG (Brazil) _d16 Jul 1975 |
|
| 245 | 1 | _aDesempenho da colhedora de milho Penha CLM-350. Parte 2. Sistemas de debulhamento e limpeza [Zea mays] | |
| 650 | _aMILHO | ||
| 650 | _aCOLHEITADEIRA | ||
| 650 | _aDEBULHA | ||
| 773 | 0 |
_tAnais da Escola Superior de Agricultura Luiz de Queiroz (Brazil) _xISSN 0071-1276 _g(1977), v. 34 p. 609-617 _wBR7704226 |
|
| 909 |
_a202311 _bLúcia _c55 _dLúcia Elande |
||
| 942 |
_2AGRIS _n0 _cANA |
||
| 999 |
_c97224 _d97224 |
||